01309cam a22003134a 450000100090000000300040000900500170001300800410003001000170007102000150008804000180010304100180012104200080013905000270014708200180017410000410019224000430023324501580027625000230043426000500045730000350050750400680054260000690061070000250067970000290070485600960073385600880082985600780091713393651OSt20231004153515.0031104s2004 nyua b 001 0 eng  a 2003024286 a0374528551 aDLCcDLCdDLC1 aengaspahspa apcc00aPQ6613.A763bA225 200400a861.62bGAR/S1 aGarcía Lorca, Federico,d1898-193610aPoems.kSelections.lEnglish & Spanish10aSelected verse /cFederico García Lorca ; edited and with an introduction and notes by Christopher Maurer ; translated by Catherine Brown ... [et al.]. aRev. bilingual ed. aNew York :bFarrar, Straus and Giroux,c2004. axxii, 405 p. :bill. ;c24 cm. aIncludes bibliographical references (p. [387]-396) and indexes.10aGarcía Lorca, Federico,d1898-1936vTranslations into English.1 aMaurer, Christopher.1 aBrown, Catherine,d1959-423Contributor biographical informationuhttp://www.loc.gov/catdir/bios/hol052/2003024286.html423Publisher descriptionuhttp://www.loc.gov/catdir/description/hol041/2003024286.html413Table of contentsuhttp://www.loc.gov/catdir/toc/ecip0411/2003024286.html